Municipalities of Aomori - Click Map - Statistics

General Stats
  • This quiz has been taken 20 times
    19 since last reset
  • The average score is 33 of 40
Answers on the Map
Answers color-coded by a green-red scale on the quiz's map according to % correct below.
 
Answer Stats
Answer % Correct
Aomori 青森市 あおもりし
100%
Goshogawara 五所川原市 ごしょがわらし
100%
Hachinohe 八戸市 はちのへし
100%
Hirakawa 平川市 ひらかわし
100%
Hiranai 平内町 ひらないまち
100%
Hirosaki 弘前市 ひろさきし
100%
Kuroishi 黒石市 くろいしし
100%
Mutsu むつ市 むつし
100%
Nanbu 南部町 なんぶちょう
100%
Towada 十和田市 とわだし
100%
Tsugaru つがる市 つがるし
100%
Ajigasawa 鰺ヶ沢町 あじがさわまち
80%
Fujisaki 藤崎町 ふじさきまち
80%
Fukaura 深浦町 ふかうらまち
80%
Gonohe 五戸町 ごのへまち
80%
Hashikami 階上町 はしかみちょう
80%
Higashidori 東通村 ひがしどおりむら
80%
Imabetsu 今別町 いまべつまち
80%
Itayanagi 板柳町 いたやなぎまち
80%
Kazamaura 風間浦村 かざまうらむら
80%
Misawa 三沢市 みさわし
80%
Nakadomari 中泊町 なかどまりまち
80%
Nishimeya 西目屋村 にしめやむら
80%
Noheji 野辺地町 のへじまち
80%
Oirase おいらせ町 おいらせちょう
80%
Oma 大間町 おおままち
80%
Rokkasho 六ヶ所村 ろっかしょむら
80%
Rokunohe 六戸町 ろくのへまち
80%
Sai 佐井村 さいむら
80%
Sannohe 三戸町 さんのへまち
80%
Shichinohe 七戸町 しちのへまち
80%
Shingo 新郷村 しんごうむら
80%
Takko 田子町 たっこまち
80%
Tsuruta 鶴田町 つるたまち
80%
Yokohama 横浜町 よこはままち
80%
Yomogita 蓬田村 よもぎたむら
80%
Inakadate 田舎館村 いなかだてむら
60%
Owani 大鰐町 おおわにまち
60%
Sotogahama 外ヶ浜町 そとがはままち
60%
Tohoku 東北町 とうほくまち
60%
No matching quizzes found
Score Distribution
Percent of People with Each Score
Percentile by Number Answered
Your Score History
You have not taken this quiz since the last reset